000 00549nam a22002177a 4500
003 UA-OsUOA
001 58345
007 ta
008 20090205b un ||||| |||| 00| 0 ukr d
100 _aСапрнова М.
090 _a32
_bС19
942 _cSA
040 _aUA-OsUOA
_brus
_cUA-OsUOA
_dUA-OsUOA
245 _aАрабский мир: новые векторы политического развития
300 _aС.91-102
955 _a0
041 _arus
080 _a32
773 0 _w58341
650 7 _a32 Політика
_2UDC
999 _c344425
_d344425